000 00777 a2200205 4500
005 20080826115215.0
008 080826t xxu||||| |||| 00| 0 eng d
010 _aENG-87180
020 _c500.00
035 _aEN-70713
037 _bDBAD / PUB
082 _a915.410946
100 _aBagchi, Kanangopal
245 _aThe ganges delta
_cby Kanangopal Bagchi
260 _aKolkata
_bAnita Bagchi
_c2005
270 _a4R/1, Beleghata Sarobar Housing Society, 25C, R.M.D Garden Lane
_e700 010
300 _a157 p.
_bdiagram
_c21 cm ( Hb.)
942 _adpl
_cEN
_k915.410946 /BAG
_2ddc
_h915.410946
_mBAG
999 _c6146
_d6146